[Event "Oberhausener SV 2 - SV Königsspringer H"]
[Site "Verbandsliga - Gr. 2 2019/202"]
[Date "2019.12.08"]
[Round "4.5"]
[White "Klaus, Michael"]
[Black "Stefaniak, Christian"]
[Result "1-0"]
[WhiteElo "1833"]
[BlackElo "1915"]
[PlyCount "81"]
[EventDate "2019.??.??"]
[WhiteTeam "SV Königsspringer Hamm 1"]
[BlackTeam "Oberhausener SV 2"]

1. d4 e6 2. Nf3 Nf6 3. Bf4 b6 4. g3 Bb7 5. Bg2 Be7 6. O-O O-O 7. c4 d5 8. Ne5
c6 9. Nc3 Re8 10. Rc1 Na6 11. Qa4 Nb8 12. Rfe1 a6 13. cxd5 cxd5 14. Rc2 Bd6 15.
Bg5 h6 16. Bxf6 gxf6 17. Ng4 f5 18. Nf6+ Kf8 19. Nxe8 Bc6 20. Qb3 Kxe8 21. Rec1
Ke7 22. Na4 Bxa4 23. Qxa4 b5 24. Qb3 Nd7 25. Qe3 f4 26. Qf3 fxg3 27. hxg3 Nf6
28. Qd3 Qa5 29. e4 dxe4 30. Bxe4 Rg8 31. a3 b4 32. axb4 Qg5 33. Bg2 Nd5 34.
Bxd5 Qxd5 35. Re1 h5 36. Qe4 Qg5 37. Qb7+ Kf6 38. Re3 Qf5 39. Rf3 Bf4 40. Rc7
Rg7 41. Kh2 1-0

[Event "Oberhausener SV 2 - SV Königsspringer H"]
[Site "Verbandsliga - Gr. 2 2019/202"]
[Date "2019.12.08"]
[Round "4.6"]
[White "Seibert, Michael"]
[Black "Sporkert, Corina"]
[Result "1-0"]
[WhiteElo "1958"]
[BlackElo "1829"]
[PlyCount "79"]
[EventDate "2019.??.??"]
[WhiteTeam "Oberhausener SV 2"]
[BlackTeam "SV Königsspringer Hamm 1"]

1. d4 d5 2. Bg5 Bf5 3. e3 c6 4. Nf3 Nd7 5. c4 Qa5+ 6. Nc3 e6 7. a3 Ngf6 8. b4
Qd8 9. Be2 Be7 10. O-O O-O 11. Nh4 Bg6 12. Rc1 Ne8 13. Bxe7 Qxe7 14. Nxg6 hxg6
15. cxd5 cxd5 16. Nb5 a6 17. Nc7 Nxc7 18. Rxc7 Qd6 19. Qc2 Rfb8 20. Rc1 b5 21.
Qd1 Nb6 22. R1c6 Qf8 23. Bd3 Nc4 24. Qg4 Rc8 25. Bxg6 Rxc7 26. Rxc7 fxg6 27.
Qxe6+ Kh7 28. Rf7 Qd8 29. Rf3 Qh4 30. Rh3 Qxh3 31. Qxh3+ Kg8 32. Qe6+ Kh7 33.
Qxd5 Nb6 34. Qb7 Rc8 35. h4 Rc1+ 36. Kh2 Nc4 37. Qxa6 Nd2 38. Qxb5 Ne4 39. f3
Nd6 40. Qd3 1-0

[Event "Oberhausener SV 2 - SV Königsspringer H"]
[Site "Verbandsliga - Gr. 2 2019/202"]
[Date "2019.12.08"]
[Round "4.7"]
[White "Kauder, Hartmut"]
[Black "Beierlein, Martin"]
[Result "0-1"]
[WhiteElo "2089"]
[BlackElo "1885"]
[PlyCount "90"]
[EventDate "2019.??.??"]
[WhiteTeam "SV Königsspringer Hamm 1"]
[BlackTeam "Oberhausener SV 2"]

1. c4 e5 2. Nc3 Nf6 3. g3 Nc6 4. Bg2 Be7 5. e3 O-O 6. Nge2 d6 7. d4 Bg4 8. d5
Nb8 9. h3 Bh5 10. g4 Bg6 11. Ng3 a5 12. e4 Nfd7 13. Nf5 Bxf5 14. exf5 Na6 15.
Ne4 Nac5 16. Be3 Nxe4 17. Bxe4 Rb8 18. Qe2 Re8 19. O-O-O Bg5 20. h4 Bf4 21. g5
Nc5 22. Bc2 f6 23. Rdg1 a4 24. Rg2 c6 25. Qh5 cxd5 26. cxd5 Rc8 27. Kb1 a3 28.
b3 Nd7 29. Rhg1 Qc7 30. Qe2 Qc3 31. Bd3 e4 32. Bb5 Be5 33. Bc4 Qa1+ 34. Kc2
Qxa2+ 35. Kd1 Qb1+ 36. Kd2 Qb2+ 37. Kd1 Qa1+ 38. Kd2 Bc3+ 39. Kc2 Qb2+ 40. Kd1
Qb1+ 41. Bc1 a2 42. gxf6 Qxc1+ 43. Kxc1 a1=Q+ 44. Kc2 Qb2+ 45. Kd1 Qb1# 0-1

[Event "Oberhausener SV 2 - SV Königsspringer H"]
[Site "Verbandsliga - Gr. 2 2019/202"]
[Date "2019.12.08"]
[Round "4.8"]
[White "Faber, Lennart"]
[Black "Ittner, Ralf"]
[Result "0-1"]
[WhiteElo "1739"]
[BlackElo "1673"]
[PlyCount "80"]
[EventDate "2019.??.??"]
[WhiteTeam "Oberhausener SV 2"]
[BlackTeam "SV Königsspringer Hamm 1"]

1. Nf3 d5 2. c4 c6 3. g3 Nf6 4. b3 g6 5. Bb2 Bg7 6. Bg2 O-O 7. O-O Nbd7 8. d4
e6 9. Nbd2 Re8 10. Rc1 Nf8 11. Ne5 N6d7 12. Nxd7 Nxd7 13. e4 dxe4 14. Nxe4 Nf6
15. d5 Nxe4 16. Bxg7 Kxg7 17. Bxe4 exd5 18. Bg2 dxc4 19. Rxc4 Qxd1 20. Rxd1 Bf5
21. Rcd4 Re2 22. g4 Be6 23. a3 Ra2 24. a4 Rb8 25. Rb4 c5 26. Rxb7 Rxb7 27. Bxb7
Bxb3 28. Rd7 Rxa4 29. h3 Be6 30. Rc7 c4 31. Bc6 Ra1+ 32. Kg2 a5 33. Bb5 Rc1 34.
Ra7 c3 35. Rc7 Bb3 36. Bc4 Bxc4 37. Rxc4 c2 38. Kf3 a4 39. Ke2 a3 40. Ra4 Re1+
0-1

[Event "SK Sodingen/Castrop 2 - SF Essen-Katern"]
[Site "Verbandsliga - Gr. 2 2019/202"]
[Date "2019.12.08"]
[Round "4.1"]
[White "Rosen, Willy"]
[Black "Ribbeheger, Edgar"]
[Result "1-0"]
[WhiteElo "2106"]
[BlackElo "2014"]
[PlyCount "67"]
[EventDate "2019.??.??"]
[WhiteTeam "SF Essen-Katernberg  3"]
[BlackTeam "SK Sodingen/Castrop 2"]

1. e4 c6 2. d4 d6 3. Nc3 Qc7 4. Nf3 e5 5. h3 h6 6. a4 Nf6 7. Be3 Be7 8. Be2
Nbd7 9. O-O Nf8 10. Nh4 Nxe4 11. Nxe4 Bxh4 12. dxe5 d5 13. Nd6+ Kd8 14. Qd4 Qe7
15. Nxf7+ Qxf7 16. Qxh4+ Qe7 17. Qxe7+ Kxe7 18. Bc5+ Kf7 19. f4 Bf5 20. g4 Bxc2
21. f5 Be4 22. e6+ Ke8 23. a5 Nh7 24. Ra4 Kd8 25. Rxe4 dxe4 26. Rd1+ Kc8 27.
Rd7 Rg8 28. Bd6 Rb8 29. Bc4 Nf6 30. Rc7+ Kd8 31. Rf7 Kc8 32. Bxb8 Kxb8 33. e7
Re8 34. Rxg7 1-0

[Event "SK Sodingen/Castrop 2 - SF Essen-Katern"]
[Site "Verbandsliga - Gr. 2 2019/202"]
[Date "2019.12.08"]
[Round "4.2"]
[White "Foerster, Wolfgang"]
[Black "Nautsch, Werner"]
[Result "1-0"]
[WhiteElo "1994"]
[BlackElo "2016"]
[Annotator "Daniel"]
[PlyCount "129"]
[EventDate "2019.??.??"]
[WhiteTeam "SK Sodingen/Castrop 2"]
[BlackTeam "SF Essen-Katernberg  3"]

1. e4 d6 2. Nc3 c5 3. g3 Nc6 4. Bg2 g6 5. d3 Bg7 6. Be3 Bd7 7. a4 a6 8. Rb1 Nf6
9. h3 O-O 10. Qd2 Re8 11. f4 e5 12. Nge2 Nd4 13. O-O Bc6 14. fxe5 dxe5 15. Rf2
Nd7 16. Rbf1 f6 17. g4 Rf8 18. Ng3 b5 19. axb5 axb5 20. Bh6 Bxh6 21. Qxh6 Qe7
22. Nd5 Bxd5 23. exd5 Ra6 24. c3 Nb3 25. Qe3 c4 26. dxc4 bxc4 27. Ne4 Kg7 28.
Qe2 Rc8 29. d6 Qd8 30. Qf3 Ra1 31. Rxa1 Nxa1 32. Qg3 Nb3 33. Qe3 Nbc5 34. Nxc5
Rxc5 35. Rd2 Qb6 36. Kf2 $11 h6 37. Bd5 Rc8 38. Be6 Rd8 39. Bxc4 f5 40. Qxb6
Nxb6 41. Bb5 Kf6 42. c4 e4 43. c5 f4 44. Rd1 Nc8 45. Bc6 Ke5 46. Rd5+ Ke6 47.
Rd4 e3+ 48. Kf3 g5 49. Re4+ Kf7 50. b4 Nxd6 51. Bd5+ Kf8 52. cxd6 Rxd6 53. Bc4
Rd2 54. Be2 Rb2 55. b5 Kf7 56. Ra4 Rb1 57. Ra7+ Ke6 58. Ra6+ Ke5 59. b6 Rg1 60.
Bb5 Rg3+ 61. Ke2 Rg2+ 62. Ke1 Rb2 63. b7 Rxb5 64. Ra5 Rxa5 65. b8=Q+ 1-0

[Event "SK Sodingen/Castrop 2 - SF Essen-Katern"]
[Site "Verbandsliga - Gr. 2 2019/202"]
[Date "2019.12.08"]
[Round "4.3"]
[White "Jahrke, Jonas"]
[Black "Haberhausen, Ansgar"]
[Result "0-1"]
[WhiteElo "1774"]
[BlackElo "1998"]
[Annotator "Daniel"]
[PlyCount "84"]
[EventDate "2019.??.??"]
[WhiteTeam "SF Essen-Katernberg  3"]
[BlackTeam "SK Sodingen/Castrop 2"]

1. Nf3 d5 2. g3 Nf6 3. Bg2 c6 4. O-O Bf5 5. b3 e6 6. Bb2 Nbd7 7. c4 Be7 8. Nc3
O-O 9. h3 Qa5 10. Nh4 Bg6 11. Nxg6 hxg6 12. Re1 Rfd8 13. cxd5 cxd5 14. e4 dxe4
15. Nxe4 Nxe4 16. Bxe4 Nc5 17. Bc3 Qb6 18. Bc2 Nd3 19. Re3 Nb4 20. Be4 Nd5 21.
Rd3 Bf6 22. Bxd5 Rxd5 23. Rxd5 exd5 24. Qf3 d4 25. Bb2 Re8 26. Rc1 $11 Qa5 27.
Qxb7 Qxd2 28. Rc8 Rxc8 29. Qxc8+ Kh7 30. Qc1 Qe2 31. Ba3 d3 32. Bb4 Qxa2 33.
Qd1 Qa6 34. h4 Qb5 35. Qd2 Qd5 36. Qd1 Qf5 37. Qd2 Bd4 38. Ba5 Bb6 39. Bc3 Qf3
40. Bb4 Qxg3+ 41. Kf1 Qh3+ 42. Kg1 Bc7 0-1

[Event "SK Sodingen/Castrop 2 - SF Essen-Katern"]
[Site "Verbandsliga - Gr. 2 2019/202"]
[Date "2019.12.08"]
[Round "4.4"]
[White "Kock, Wolfgang"]
[Black "Geerlings, Gerd"]
[Result "0-1"]
[WhiteElo "2019"]
[BlackElo "1999"]
[PlyCount "108"]
[EventDate "2019.??.??"]
[WhiteTeam "SK Sodingen/Castrop 2"]
[BlackTeam "SF Essen-Katernberg  3"]

1. e4 c5 2. Nf3 d6 3. Bb5+ Bd7 4. Bxd7+ Qxd7 5. O-O Nc6 6. d4 cxd4 7. Nxd4 Nf6
8. Re1 e6 9. Na3 Be7 10. c3 O-O 11. Nac2 Rfe8 12. Re3 Bf8 13. Qe2 e5 14. Nb3 d5
15. Rd3 Qe6 16. f3 a5 17. Bg5 a4 18. Nd2 Bc5+ 19. Kh1 d4 20. Bxf6 Qxf6 21. Nf1
Qe6 22. a3 Rad8 23. Nb4 Bxb4 24. cxb4 Na7 25. Qd1 b5 26. Rd2 Rc8 27. Qe2 Rc4
28. Rad1 Qc6 29. h3 Nc8 30. Nh2 Ne7 31. Ng4 Ng6 32. g3 h5 33. Nf2 h4 34. g4 Nf4
35. Qf1 Rc8 36. Nd3 Nxd3 37. Qxd3 Rc1 38. Qe2 Qh6 39. Qe1 Rxd1 40. Qxd1 Qf4 41.
Kg1 Rc6 42. Kf1 g5 43. Kg1 Rf6 44. Rf2 Qg3+ 45. Kf1 Qxh3+ 46. Ke2 Qg3 47. Qd2
Rg6 48. Kd1 h3 49. Kc2 h2 50. Rxh2 Qxf3 51. Kb1 Qxe4+ 52. Ka1 Qxg4 53. Re2 Qf4
54. Qd3 Qc1+ 0-1

[Event "SK Sodingen/Castrop 2 - SF Essen-Katern"]
[Site "Verbandsliga - Gr. 2 2019/202"]
[Date "2019.12.08"]
[Round "4.5"]
[White "Sauer, Bernd"]
[Black "Schriewer, Thomas"]
[Result "0-1"]
[WhiteElo "1926"]
[BlackElo "1879"]
[PlyCount "82"]
[EventDate "2019.??.??"]
[WhiteTeam "SF Essen-Katernberg  3"]
[BlackTeam "SK Sodingen/Castrop 2"]

1. d4 d5 2. c4 c6 3. Nc3 Nf6 4. e3 e6 5. Nf3 Nbd7 6. Bd3 dxc4 7. Bxc4 b5 8. Bd3
Bb7 9. O-O a6 10. e4 c5 11. d5 Qc7 12. dxe6 fxe6 13. Ng5 Qc6 14. Qe2 c4 15. Bc2
Bc5 16. Be3 h6 17. Nf3 O-O-O 18. Bxc5 Qxc5 19. Rac1 Kb8 20. b3 Nb6 21. a4 b4
22. Na2 c3 23. Rcd1 g5 24. Nc1 g4 25. Ne1 Rxd1 26. Qxd1 Nxe4 27. Qxg4 Nd2 28.
Ned3 Qf5 29. Qg7 Qf8 30. Qe5+ Ka7 31. Nc5 Rg8 32. Be4 Nxe4 33. Nxe4 Qf5 34.
Qxf5 exf5 35. Ng3 f4 36. Nd3 fxg3 37. fxg3 a5 38. Rf5 Rg5 39. Rf7 Rd5 40. Nf4
Rd1+ 41. Kf2 c2 0-1

[Event "SK Sodingen/Castrop 2 - SF Essen-Katern"]
[Site "Verbandsliga - Gr. 2 2019/202"]
[Date "2019.12.08"]
[Round "4.6"]
[White "Hessel, Malte"]
[Black "Riesenbeck, Juergen"]
[Result "1-0"]
[WhiteElo "1940"]
[BlackElo "1989"]
[PlyCount "53"]
[EventDate "2019.??.??"]
[WhiteTeam "SK Sodingen/Castrop 2"]
[BlackTeam "SF Essen-Katernberg  3"]

1. d4 Nf6 2. Nf3 g6 3. g3 Bg7 4. Bg2 d5 5. O-O O-O 6. Nbd2 c6 7. b3 Ne4 8. Bb2
c5 9. Nxe4 dxe4 10. Ne5 cxd4 11. Qxd4 Bf5 12. Qxd8 Rxd8 13. Rad1 Nd7 14. Nc4
Bxb2 15. Nxb2 Ne5 16. Rxd8+ Rxd8 17. Rd1 Rc8 18. c4 b6 19. Rd5 f6 20. Rd4 Nc6
21. Rd2 Kf7 22. Nd1 g5 23. Nc3 e3 24. fxe3 Ne5 25. Nb5 a6 26. Nd4 Rc7 27. Nxf5
1-0

[Event "SK Sodingen/Castrop 2 - SF Essen-Katern"]
[Site "Verbandsliga - Gr. 2 2019/202"]
[Date "2019.12.08"]
[Round "4.7"]
[White "Schmitz, Edgar"]
[Black "Zwielich, Frank"]
[Result "1-0"]
[WhiteElo "1880"]
[BlackElo "1938"]
[PlyCount "54"]
[EventDate "2019.??.??"]
[WhiteTeam "SF Essen-Katernberg  3"]
[BlackTeam "SK Sodingen/Castrop 2"]

1. e4 c5 2. Nf3 e6 3. d4 cxd4 4. Nxd4 a6 5. Bd3 Qc7 6. O-O Nf6 7. Qe2 d6 8. Nc3
Be7 9. Kh1 b5 10. a3 Bb7 11. Bd2 Nc6 12. Nxc6 Bxc6 13. Rae1 O-O 14. f4 Rfe8 15.
Rf3 Bf8 16. Rh3 g6 17. e5 Nd7 18. Ne4 dxe5 19. fxe5 Qxe5 20. Bc3 Qd5 21. Rf1 e5
22. Ng5 e4 23. Rxh7 f6 24. Rxf6 Qxg5 25. Rh8+ Kxh8 26. Rxg6+ Kh7 27. Rxg5 Nf6
1-0

[Event "SK Sodingen/Castrop 2 - SF Essen-Katern"]
[Site "Verbandsliga - Gr. 2 2019/202"]
[Date "2019.12.08"]
[Round "4.8"]
[White "Evertz, Dieter"]
[Black "Mamikonyan, Davit"]
[Result "0-1"]
[WhiteElo "1922"]
[BlackElo "1827"]
[PlyCount "112"]
[EventDate "2019.??.??"]
[WhiteTeam "SK Sodingen/Castrop 2"]
[BlackTeam "SF Essen-Katernberg  3"]

1. e4 e6 2. Nf3 c5 3. Nc3 d5 4. e5 Nc6 5. Bb5 Bd7 6. Bxc6 bxc6 7. O-O Ne7 8.
Ne1 h5 9. f4 Nf5 10. Nf3 c4 11. Kh1 h4 12. b3 Bc5 13. h3 Ng3+ 14. Kh2 Nxf1+ 15.
Qxf1 cxb3 16. axb3 Be7 17. d4 c5 18. Na4 cxd4 19. Nxd4 O-O 20. Qf3 Rc8 21. Bd2
Qc7 22. Be1 f5 23. Qe2 g6 24. Qa6 Kf7 25. c3 g5 26. Qe2 Rh8 27. Nb2 Rcg8 28.
Nd3 g4 29. Ra6 Rh6 30. Nxf5 Rhg6 31. hxg4 exf5 32. e6+ Rxe6 33. Rxe6 Bxe6 34.
g5 Bd6 35. Qh5+ Ke7 36. Qxh4 Qb8 37. Qh7+ Kd8 38. g6 Qc7 39. Bh4+ Kc8 40. Bf6
Bxf4+ 41. Kg1 Qb6+ 42. Bd4 Be3+ 43. Nf2 Bxd4 44. cxd4 Qxd4 45. Qe7 Qe3 46. Kf1
Qc1+ 47. Ke2 Qc2+ 48. Ke1 Qc6 49. Nd3 Rxg6 50. Nc5 d4 51. b4 Bc4 52. Qf8+ Kc7
53. Qxf5 Re6+ 54. Kd1 Re7 55. Qf4+ Qd6 56. Qf3 Be2+ 0-1

[Event "Matt Inn Dortmund 1 - SK Germania Kupfe"]
[Site "Verbandsklasse - Gr. 1 2019/2"]
[Date "2019.12.08"]
[Round "4.3"]
[White "Prämaßing, Reiner"]
[Black "Böhmfeldt, Bruno"]
[Result "1/2-1/2"]
[WhiteElo "1855"]
[BlackElo "2232"]
[PlyCount "94"]
[EventDate "2019.??.??"]

1. e4 c5 2. Nf3 e6 3. d4 cxd4 4. Nxd4 Nf6 5. Nc3 d6 6. Bc4 a6 7. Bb3 Nc6 8. f4
Be7 9. O-O Qc7 10. Kh1 Bd7 11. f5 Nxd4 12. Qxd4 h6 13. fxe6 fxe6 14. Na4 O-O
15. Nb6 Rad8 16. Bf4 Nh5 17. Be3 Kh7 18. Nxd7 Qxd7 19. Qd3 Kh8 20. c3 e5 21.
Qd2 Kh7 22. Bb6 Rc8 23. Rad1 Rxf1+ 24. Rxf1 Qb5 25. Rf7 Qxb6 26. Rxe7 Rf8 27.
Rf7 Rxf7 28. Bxf7 Nf6 29. Be6 Qc6 30. Qd3 a5 31. Qf3 Qb5 32. Qf5+ Kh8 33. Bb3
Qe8 34. a4 Nd7 35. Bf7 Qe7 36. b4 axb4 37. cxb4 Nf6 38. Qc8+ Kh7 39. Qf5+ Kh8
40. Qc8+ Kh7 41. Bc4 d5 42. Bxd5 Qxb4 43. h3 Qxa4 44. Qf5+ Kh8 45. Qxe5 Qa5 46.
Qb8+ Kh7 47. Qxb7 Qe1+ 1/2-1/2

[Event "Matt Inn Dortmund 1 - SK Germania Kupfe"]
[Site "Verbandsklasse - Gr. 1 2019/2"]
[Date "2019.12.08"]
[Round "4.4"]
[White "Kromat, Stefan"]
[Black "Bauriedel, Friedrich"]
[Result "1-0"]
[WhiteElo "1740"]
[BlackElo "1803"]
[PlyCount "43"]
[EventDate "2019.??.??"]

1. d3 d5 2. Nd2 Nf6 3. e4 e5 4. Ngf3 Nc6 5. c3 Be7 6. Be2 O-O 7. h3 h6 8. Qc2
Be6 9. Nf1 a5 10. g4 Nh7 11. Ng3 b5 12. Nf5 b4 13. h4 d4 14. c4 f6 15. b3 Bxf5
16. gxf5 Kf7 17. Rg1 Rg8 18. c5 Qf8 {(=)} 19. Qc4+ Ke8 20. Nh2 Bxc5 21. Bh5+
Kd8 22. Qd5+ 1-0

[Event "Matt Inn Dortmund 1 - SK Germania Kupfe"]
[Site "Verbandsklasse - Gr. 1 2019/2"]
[Date "2019.12.08"]
[Round "4.5"]
[White "Zagrabski, Kevin"]
[Black "Fork, Raphael"]
[Result "1-0"]
[WhiteElo "1897"]
[BlackElo "1873"]
[PlyCount "73"]
[EventDate "2019.??.??"]

1. d4 Nf6 2. Bf4 c5 3. e3 e6 4. c3 d5 5. Bd3 Nc6 6. Nd2 Be7 7. Ngf3 Nh5 8. Bg3
Nxg3 9. hxg3 h6 10. Qe2 cxd4 11. exd4 Bd7 12. Ne5 Nxe5 13. dxe5 Qb6 14. Nb3
O-O-O 15. O-O f6 16. exf6 Bxf6 17. c4 Rhe8 18. c5 Qc7 19. a4 e5 20. Qd2 e4 21.
Bb5 d4 22. Na5 Bg5 23. Qb4 Bxb5 24. axb5 Rd5 25. c6 Qb6 26. cxb7+ Kd7 27. Nc4
Qxb7 28. b6 a5 29. Nxa5 Qa6 30. Nc4 Qb5 31. Ra7+ Kc6 32. Na5+ (32. Rc7#) 32...
Kxb6 33. Rb7+ Ka6 34. Rxb5 Rxb5 35. Qa4 Kb6 36. Qxd4+ Ka6 37. Nc4 1-0

[Event "Matt Inn Dortmund 1 - SK Germania Kupfe"]
[Site "Verbandsklasse - Gr. 1 2019/2"]
[Date "2019.12.08"]
[Round "4.6"]
[White "Schmitz, Martin"]
[Black "Schäfer, Johannes"]
[Result "1/2-1/2"]
[WhiteElo "1819"]
[BlackElo "1736"]
[PlyCount "23"]
[EventDate "2019.??.??"]

1. e4 e5 2. Nf3 Nc6 3. Bb5 a6 4. Ba4 Nf6 5. O-O b5 6. Bb3 Be7 7. Re1 O-O 8. c3
d5 9. exd5 Nxd5 10. d4 exd4 11. Nxd4 Nxd4 12. Qxd4 {(=)} 1/2-1/2

[Event "Matt Inn Dortmund 1 - SK Germania Kupfe"]
[Site "Verbandsklasse - Gr. 1 2019/2"]
[Date "2019.12.08"]
[Round "4.7"]
[White "Wuthcke, Dieter"]
[Black "Yanik, Mehmet"]
[Result "0-1"]
[WhiteElo "1734"]
[BlackElo "1904"]
[PlyCount "108"]
[EventDate "2019.??.??"]

1. d4 Nf6 2. c4 g6 3. Nc3 Bg7 4. e4 O-O 5. f3 d6 6. Be3 Nbd7 7. Bd3 e5 8. d5
Nh5 9. Qd2 f5 10. Bg5 Bf6 11. Bxf6 Qxf6 12. exf5 gxf5 13. O-O-O Nc5 14. Bc2 a6
15. Nge2 Kh8 16. g4 fxg4 17. Ng3 Nf4 18. Nce4 Nxe4 19. Bxe4 b5 20. Qc2 Rf7 21.
c5 h5 22. fxg4 Bxg4 23. Rdf1 Qg5 24. Kb1 Raf8 25. Rhg1 h4 26. h3 Nxh3 27. Rxf7
Rxf7 28. Rf1 Nf4 29. Nh1 Bf5 30. Nf2 Bxe4 31. Nxe4 Qg6 32. cxd6 cxd6 33. Rh1 h3
34. Kc1 Qf5 35. Nxd6 Qxc2+ 36. Kxc2 Rd7 37. Ne4 Rxd5 38. Nf6 Rd4 39. Rg1 Ng2
40. Rh1 Rh4 41. Nd5 h2 42. b3 a5 43. Ne7 Kh7 44. Nc6 Ne3+ 45. Kd3 Ng4 46. Ke2
a4 47. Kf3 Kg6 48. Ne7+ Kg5 49. Kg3 e4 50. Nf5 Rh7 51. Nd6 e3 52. Ne4+ Kf5 53.
Nd6+ Ke5 54. Nxb5 Nf2 0-1

[Event "Matt Inn Dortmund 1 - SK Germania Kupfe"]
[Site "Verbandsklasse - Gr. 1 2019/2"]
[Date "2019.12.08"]
[Round "4.8"]
[White "Meinike, Thorsten"]
[Black "Bendel, Rüdiger"]
[Result "1/2-1/2"]
[WhiteElo "1790"]
[BlackElo "1891"]
[PlyCount "90"]
[EventDate "2019.??.??"]

1. d4 f5 2. c4 e6 3. Nf3 Nf6 4. g3 Ne4 5. Bg2 Bb4+ 6. Nbd2 d5 7. O-O c5 8. dxc5
Bxc5 9. cxd5 exd5 10. Nb3 Bb6 11. Nbd4 Nc6 12. e3 O-O 13. b3 g5 14. Bb2 g4 15.
Nxc6 bxc6 16. Nd4 Ba6 17. Ne6 Qe7 18. Nxf8 Bxf1 19. Bxf1 Nxf2 20. Qe2 Nh3+ 21.
Bxh3 gxh3 22. Re1 Re8 23. Bc1 Qxf8 24. Qh5 d4 25. Qg5+ Qg7 26. Qxg7+ Kxg7 27.
Kf2 Ba5 28. Rd1 c5 29. exd4 cxd4 30. Bb2 Bc3 31. Bxc3 dxc3 32. Rc1 Rc8 33. Kf3
h5 34. Kf4 Kf6 35. a4 c2 36. a5 Ke6 37. Ke3 Kd5 38. Kd3 a6 39. Rxc2 Rxc2 40.
Kxc2 Kd4 41. Kd2 Kd5 42. Kd3 Kc5 43. Kc3 Kd5 44. Kd3 Kc5 45. Kc3 Kd5 1/2-1/2

[Event "Matt Inn Dortmund 1 - SK Germania Kupfe"]
[Site "Verbandsklasse - Gr. 1 2019/2"]
[Date "2019.12.08"]
[Round "4.2"]
[White "Schulenburg, Pit"]
[Black "Krimphoff, Ingo"]
[Result "1/2-1/2"]
[WhiteElo "2058"]
[BlackElo "1953"]
[PlyCount "96"]
[EventDate "2019.??.??"]

1. c4 c6 2. Nc3 d5 3. cxd5 cxd5 4. d4 Nf6 5. Bf4 Nc6 6. e3 a6 7. Nf3 Qb6 8. Bd3
Bg4 9. O-O Bxf3 10. Qxf3 e6 11. a3 Be7 12. b4 O-O 13. g4 Qd8 14. Qg3 Rc8 15.
Rac1 b5 16. Kg2 Ne8 17. Rfd1 Bd6 18. Qh3 g6 19. Bg3 Ng7 20. Qh6 f5 21. h3 Rf7
22. Bxd6 Qxd6 23. f4 Rfc7 24. Ne2 Nd8 25. Qh4 Rxc1 26. Rxc1 Qd7 27. Qe1 Nf7 28.
Rxc8+ Qxc8 29. Qc3 Nd6 30. Qxc8+ Nxc8 31. Nc3 Nb6 32. Kf3 Ne8 33. Bc2 Nd6 34.
a4 Nbc4 35. g5 Kf7 36. h4 Ke7 37. Ke2 Kd7 38. axb5 axb5 39. Kf2 Kc6 40. Bd1 Nb2
41. Be2 Ne4+ 42. Nxe4 dxe4 43. Ke1 Nc4 44. Kf2 Nb6 45. h5 Nd5 46. h6 Kb6 47.
Bd1 Kc6 48. Be2 Kb6 {(=)} (48... Nxb4 $4 49. Bh5 Nd3+ 50. Ke2 b4 51. Bxg6 b3
52. Kd2 b2 53. Kc2 Nxf4 54. Bxh7 $18) 1/2-1/2

[Event "FS Dortmund 1 - SC Rochade Rüttenscheid"]
[Site "Verbandsklasse - Gr. 2 2019/2"]
[Date "2019.12.08"]
[Round "4.1"]
[White "Michalek, Christoph"]
[Black "Reichmann, Oleg"]
[Result "1-0"]
[WhiteElo "2058"]
[BlackElo "2031"]
[Annotator "Verbandsklasse Gruppe 2, Saison 2019/20"]
[PlyCount "59"]
[EventDate "2019.??.??"]

1. Nf3 d5 2. c4 d4 3. g3 g6 4. Bg2 Bg7 5. d3 Nf6 6. b4 O-O 7. Bb2 c5 8. a3 Re8
9. O-O e5 10. Nbd2 Qe7 11. Ng5 Nbd7 12. Nge4 Nxe4 13. Nxe4 cxb4 14. axb4 f5 15.
Nd2 Qxb4 16. Qc2 Qe7 17. Ba3 Qf6 18. Rfb1 Nf8 19. Bxb7 Bxb7 20. Rxb7 Qc6 21.
Qb3 e4 22. Bxf8 Rxf8 23. Raxa7 Rxa7 24. Rxa7 e3 25. fxe3 dxe3 26. Nf3 f4 27.
Qb7 Qf6 28. gxf4 Qc3 29. Kg2 Rxf4 30. d4 1-0

[Event "FS Dortmund 1 - SC Rochade Rüttenscheid"]
[Site "Verbandsklasse - Gr. 2 2019/2"]
[Date "2019.12.08"]
[Round "4.2"]
[White "Mewes, Karsten"]
[Black "Koprek, JÃ¼rgen"]
[Result "1/2-1/2"]
[WhiteElo "1950"]
[BlackElo "1882"]
[Annotator "Verbandsklasse Gruppe 2, Saison 2019/20"]
[PlyCount "134"]
[EventDate "2019.??.??"]

1. Nf3 d5 2. c4 e6 3. b3 Nf6 4. Bb2 Nbd7 5. g3 Be7 6. Bg2 O-O 7. O-O c6 8. e3
Qb6 9. Qc2 Rd8 10. d4 Nf8 11. Nbd2 Bd7 12. Ne5 Be8 13. c5 Qc7 14. b4 N6d7 15.
f4 f6 16. Nxd7 Nxd7 17. e4 Bf7 18. Rae1 Bf8 19. g4 Re8 20. e5 g6 21. exf6 Nxf6
22. h3 Bg7 23. Nf3 Nd7 24. Ne5 Nxe5 25. dxe5 Re7 26. Bd4 Rae8 27. Kh1 Rf8 28.
Qb2 Be8 29. Bg1 Ref7 30. Bh2 Qe7 31. g5 Qc7 32. h4 Re7 33. Bh3 Bd7 34. Qg2 Be8
35. Bg4 Qd7 36. Qh3 Bf7 37. Bg3 Qe8 38. Bd1 Qd7 39. Bc2 Be8 40. Bh2 Bf7 41. Rg1
Qe8 42. Ref1 Qd7 43. Qd3 Be8 44. Rg2 Ref7 45. Rgf2 Bxe5 46. h5 gxh5 47. Qe2 Bd4
48. Rg2 Bh8 49. f5 e5 50. f6 e4 51. Bd6 Qh3+ 52. Rh2 Qg4 53. Qxg4 hxg4 54. Bxf8
Rxf8 55. Rf5 Bg6 56. Re5 Bxf6 57. gxf6 Rxf6 58. Re7 g3 59. Re2 Bh5 60. Rd2 Bf3+
61. Kg1 Rh6 62. Rg2 Bxg2 63. Kxg2 Rh2+ 64. Kxg3 Rxc2 65. Rxb7 Rxa2 66. Kf4 Ra3
67. b5 Rf3+ {(=)} 1/2-1/2

[Event "FS Dortmund 1 - SC Rochade Rüttenscheid"]
[Site "Verbandsklasse - Gr. 2 2019/2"]
[Date "2019.12.08"]
[Round "4.3"]
[White "Storp, Thomas"]
[Black "Brendemühl, Bernd"]
[Result "0-1"]
[WhiteElo "1832"]
[BlackElo "1905"]
[Annotator "Verbandsklasse Gruppe 2, Saison 2019/20"]
[PlyCount "60"]
[EventDate "2019.??.??"]

1. c4 f5 2. d4 Nf6 3. Nc3 e6 4. Nf3 d5 5. e3 c6 6. Be2 Bd6 7. c5 Bc7 8. O-O O-O
9. b4 a6 10. a4 Nbd7 11. Bb2 Ne4 12. g3 g5 13. Nd2 g4 14. Ndxe4 dxe4 15. Bc4
Nf6 16. b5 Qe8 17. Qe2 Nd5 18. Rfd1 Rf6 19. Qf1 h5 20. b6 Bd8 21. h4 gxh3 22.
Qxh3 Rh6 23. Kg2 Qg6 24. Ne2 Bg5 25. Rg1 e5 26. Qh2 f4 27. exf4 exf4 28. Kf1 f3
29. Nf4 Qf7 30. Bc1 Ne3+ {und WeiÃY Ã1/4berschritt die Zeit} 0-1

[Event "FS Dortmund 1 - SC Rochade Rüttenscheid"]
[Site "Verbandsklasse - Gr. 2 2019/2"]
[Date "2019.12.08"]
[Round "4.4"]
[White "Grube, JÃ¶rg"]
[Black "Furchtbar, Uwe"]
[Result "0-1"]
[WhiteElo "1856"]
[BlackElo "1825"]
[Annotator "Verbandsklasse Gruppe 2, Saison 2019/20"]
[PlyCount "49"]
[EventDate "2019.??.??"]

1. e4 e6 2. Qh5 Nf6 3. Qh4 c5 4. e5 Nd5 5. Qxd8+ Kxd8 6. Nh3 Nc6 7. f4 Be7 8.
c3 f6 9. exf6 gxf6 10. Be2 b6 11. a3 Bb7 12. b4 Bd6 13. O-O Kc7 14. bxc5 bxc5
15. a4 Na5 16. Na3 a6 17. Nc4 Nxc4 18. Bxc4 Rhg8 19. Bxd5 Bxd5 20. Rf2 Rab8 21.
d3 Rb3 22. Rc2 c4 23. dxc4 Bc5+ 24. Kh1 Bc6 25. Bd2 0-1

[Event "FS Dortmund 1 - SC Rochade Rüttenscheid"]
[Site "Verbandsklasse - Gr. 2 2019/2"]
[Date "2019.12.08"]
[Round "4.5"]
[White "Bruckmann, Jochen"]
[Black "Jost, Udo"]
[Result "0-1"]
[WhiteElo "1796"]
[BlackElo "1788"]
[Annotator "Verbandsklasse Gruppe 2, Saison 2019/20"]
[PlyCount "60"]
[EventDate "2019.??.??"]

1. e4 c5 2. d4 cxd4 3. c3 d3 4. Bxd3 a6 5. Be3 e6 6. f4 Qc7 7. Nf3 Nc6 8. O-O
Nf6 9. Nd4 h5 10. Kh1 Ng4 11. Bg1 d6 12. h3 Bd7 13. g3 Nf6 14. Nf3 Be7 15. Nbd2
b5 16. Qe2 Nh7 17. e5 f5 18. exd6 Qxd6 19. Nd4 Nf6 20. N2f3 h4 21. Nxh4 Nxd4
22. Bxd4 Nh5 23. Qe3 Qd5+ 24. Kh2 Bc6 25. Nf3 O-O-O 26. Rf2 Nf6 27. Bxf6 gxf6
28. Rd1 Bc5 29. Nd4 Rxh3+ 30. Kxh3 Rh8# 0-1